| 000 | 00494nam a22001337a 4500 | ||
|---|---|---|---|
| 003 | SGT | ||
| 082 |
_a617.6342 _bC18G |
||
| 100 | _aAPURVA, GOYAL | ||
| 245 | _aA COMPARATIVE EVALUATION OF THE ANTI- INFLAMMATORY POTENTIAL OF TWO FINAL RINSE IRRIGANTS DURING SINGLE VISIT ENDODONTIC THERAPY IN PATIENTS SUFFERING FROM ACUTE IRREVERSIBLE PULPITIS AN IN VIVO STUDY | ||
| 260 |
_aDELHI NCR _bSGT UNIVERSITY GURUGRAM _c2018 |
||
| 300 | _a1-86 | ||
| 650 | _aCONSERVATIVE DENTISTRY | ||
| 942 |
_2ddc _cTH |
||
| 999 |
_c17085 _d17085 |
||